000 00340pab a2200133 454500
008 180718b85-6 xxu||||| |||| 00| 0 eng d
245 _aUS CIVIL service reform of 1978
_bA retrospective view
260 _c85-6
300 _a1-8
362 _aJuly-June
650 _aCivil Service - U.S.A.
773 _aAdministrative Change
909 _a5868
999 _c5868
_d5868